[Event "Cto. Navarra Absoluto por Equipos 2018"]
[Site "?"]
[Date "2018.10.13"]
[Round "1.3"]
[White "Romano Garcia, Ivan"]
[Black "Marques Jalle, Jose Antonio"]
[Result "0-1"]
[EventDate "2018.10.13"]
[WhiteElo "1559"]
[BlackElo "1619"]
[SourceDate "2018.11.18"]
[SourceTitle "FNA"]

1.d4 d5 2.c4 e6 3.Nc3 Nf6 4.cxd5 exd5 5.Bg5 Be7 6.e3 O-O 7.Bd3 h6 8.Bh4 c5
9.Bxf6 Bxf6 10.dxc5 d4 11.exd4 Bxd4 12.Nge2 Bxc5 13.O-O a6 14.Rc1 Nc6 15.Nb5 Qb6
16.Qc2 Bxf2 17.Rxf2 axb5 18.a3 Ne5 19.h3 Nxd3 20.Qxd3 Be6 21.Qd4 Qa5 22.Rf3 Rfd8
23.Qc3 Qb6 24.Qc5 Qa6 25.Rg3 Rac8 26.Qe3 Rxc1 27.Qxc1 Qd6 28.Nf4 Qd1 29.Qxd1
Rxd1 30.Kh2 Rd2 31.Nxe6 fxe6 32.Rb3 Rd5 33.Kg3 Kf7 34.Kf3 h5 35.Ke3 g5 36.a4
bxa4 37.Rxb7 Kf6 38.Rb4 Ra5 39.Kf3 a3 40.bxa3 Rxa3 41.Kf2 h4 42.Re4 Kf5 43.Rb4
e5 44.Rb5 Kf4 45.Rb8 Ra2 46.Kg1 Kg3 47.Rb3 Kf4 48.Rf3 Ke4 49.Rb3 Rd2 50.Kf1 Rd3
51.Rb4 Ke3 52.Rb1 e4 53.Re1 Kf4 54.Ra1 Rd2 55.Ra4 Ke3 56.Ra3 Kf4 57.Ra4 Rb2
58.Kg1 Ke3 59.Ra1 Ke2 60.Ra5 e3 61.Rxg5 Kd1 62.Rd5 Rd2 63.Ra5 e2 64.Re5 e1=Q
65.Rxe1 Kxe1 66.Kh1 Kf2 67.Kh2 Rd1 0-1

[Event "Cto. Navarra Absoluto por Equipos 2018"]
[Site "?"]
[Date "2018.10.13"]
[Round "1.4"]
[White "Zubicoa Aznar, Santiago"]
[Black "Santos Usua, Mikel"]
[Result "1/2-1/2"]
[EventDate "2018.10.13"]
[WhiteElo "1616"]
[BlackElo "1494"]
[SourceDate "2018.11.18"]
[SourceTitle "FNA"]

1.e4 e5 2.Nf3 Nc6 3.Bb5 a6 4.Ba4 Nf6 5.d4 Nxd4 6.Nxd4 exd4 7.Qxd4 c5 8.Qe5 Be7
9.c4 O-O 10.O-O d6 11.Qf4 Be6 12.Nd2 Nd7 13.Bxd7 Qxd7 14.b3 Bf6 15.Rb1 b5 16.Rd1
Be5 17.Qe3 f5 18.Bb2 f4 19.Qe2 Bxb2 20.Rxb2 Rfe8 21.Nf3 bxc4 22.bxc4 Qc7 23.Qd2
Bxc4 24.Qxf4 Rad8 25.Rbd2 Rf8 26.Qg3 Qe7 27.Rxd6 Rxd6 28.Qxd6 Qxe4 29.Qxc5 Bxa2
30.Re1 Qd5 31.Qc7 Qc4 32.Qa7 Qd3 33.h3 h6 34.Re7 Qb1 35.Kh2 Qb8 1/2-1/2

[Event "Cto. Navarra Absoluto por Equipos 2018"]
[Site "?"]
[Date "2018.10.13"]
[Round "1.5"]
[White "Fuentes Guinot, Angel"]
[Black "Sola Garate, Roberto"]
[Result "1-0"]
[EventDate "2018.10.13"]
[WhiteElo "1446"]
[BlackElo "1465"]
[SourceDate "2018.11.18"]
[SourceTitle "FNA"]

1.d4 Nf6 2.Nf3 e6 3.Bf4 d5 4.e3 c6 5.Bd3 Be7 6.Nbd2 Nbd7 7.c3 a5 8.a4 h6 9.O-O
O-O 10.Ne5 Qb6 11.Rb1 c5 12.Qf3 cxd4 13.exd4 Qd8 14.Rfe1 Nh7 15.Qe3 Bg5 16.Bxg5
Qxg5 17.Qxg5 Nxg5 18.f4 Nh7 19.c4 Nhf6 20.c5 Nb8 21.Rbc1 Nc6 22.Nxc6 bxc6 23.Rc3
Bd7 24.Rec1 Rfb8 25.Rb3 Rb4 26.Rxb4 axb4 27.b3 Bc8 28.h3 Nh5 29.Rf1 Ba6 30.Bxa6
Rxa6 31.Kh2 Nf6 32.f5 exf5 33.Rxf5 Nd7 34.Nf3 g6 35.Rf4 f6 36.Ne1 Ra8 37.Nd3 Rb8
38.Rf1 Rb7 39.a5 Kf7 40.Ra1 Nb8 41.a6 Ra7 42.Nxb4 h5 43.Kg3 g5 44.h4 Kg6 45.hxg5
Kxg5 46.Kf3 h4 47.Ra2 Kf5 48.Ke3 Kg4 49.Ra1 f5 50.Ra2 f4 51.Kf2 Kg5 52.Kf3 Kf5
53.Ra1 Kg5 54.Re1 Nxa6 55.Nxa6 Rxa6 56.Re5 Kg6 57.Kxf4 1-0

[Event "Cto. Navarra Absoluto por Equipos 2018"]
[Site "?"]
[Date "2018.10.13"]
[Round "1.6"]
[White "Saez Mancho, Jose"]
[Black "Fuentes Guinot, Alejandro"]
[Result "0-1"]
[EventDate "2018.10.13"]
[WhiteElo "1406"]
[BlackElo "1313"]
[SourceDate "2018.11.18"]
[SourceTitle "FNA"]

1.c4 c5 2.e4 g6 3.Nf3 Bg7 4.Nc3 Nc6 5.g3 d6 6.Be2 Nf6 7.d3 Bh3 8.Ng5 Bd7 9.Qb3
Qc7 10.Be3 O-O 11.h3 a6 12.g4 Nd8 13.Nf3 Ne6 14.g5 Nh5 15.Nd5 Qd8 16.Nb6 Rb8
17.Nxd7 Qxd7 18.d4 cxd4 19.Nxd4 Nxd4 20.Bxd4 Bxd4 21.O-O-O Nf4 22.Bg4 Qc6
23.Rxd4 e5 24.Rd2 b5 25.Rc2 Qxe4 26.f3 Qd3 27.Qxd3 Nxd3 28.Kd2 Nb4 29.Rcc1 Nxa2
30.Ke3 f5 31.gxf6 Rxf6 32.Rc2 Nb4 33.Rd2 bxc4 34.h4 Nd3 35.h5 Rb3 36.Ke4 Nb4
37.Be6 Rxe6 38.hxg6 hxg6 39.f4 d5 40.Rxd5 Nxd5 41.Kxd5 Re8 42.Kxc4 Rxb2 43.Kc3
Rb5 0-1

[Event "Cto. Navarra Absoluto por Equipos 2018"]
[Site "?"]
[Date "2018.10.13"]
[Round "1.1"]
[White "Lerendegui Lasa, Odei"]
[Black "Insausti Goni, Sebastian"]
[Result "1-0"]
[EventDate "2018.10.13"]
[WhiteElo "2121"]
[BlackElo "1845"]
[SourceDate "2018.11.18"]
[SourceTitle "FNA"]

1.e4 c6 2.d4 d5 3.exd5 cxd5 4.c4 Nf6 5.Nc3 e6 6.Nf3 Bd6 7.cxd5 Nxd5 8.Bd3 O-O
9.O-O Nd7 10.Ne4 N7f6 11.Bg5 h6 12.Bh4 Be7 13.Bg3 b6 14.Ne5 Bb7 15.a3 Rc8 16.Qe2
Nd7 17.Rac1 Nxe5 18.dxe5 Qd7 19.Qg4 Rxc1 20.Rxc1 Rc8 21.Rd1 a5 22.h3 Kf8 23.Bh4
Bxh4 24.Qxh4 Ne7 25.Nd6 Rc5 26.Qf4 Nd5 27.Qe4 g6 28.Qh4 Kg7 29.Be4 Bc6 30.Bxd5
Bxd5 31.Qf6 Kh7 32.Nxf7 Qc8 33.Rd4 Rc4 34.Rxc4 Bxc4 35.Qe7 Qg8 36.Nd6 1-0

[Event "Cto. Navarra Absoluto por Equipos 2018"]
[Site "?"]
[Date "2018.10.13"]
[Round "1.2"]
[White "Flores Lazcoz, Jose Luis"]
[Black "Pedchenko Zhilkov, Alexandr"]
[Result "0-1"]
[EventDate "2018.10.13"]
[WhiteElo "1727"]
[BlackElo "1907"]
[SourceDate "2018.11.18"]
[SourceTitle "FNA"]

1.d4 d5 2.Nf3 h6 3.e3 Nf6 4.Bd3 e6 5.c3 Nbd7 6.Nbd2 b6 7.e4 dxe4 8.Nxe4 Bb7
9.Qe2 Be7 10.O-O O-O 11.Re1 Nxe4 12.Bxe4 Bxe4 13.Qxe4 Nf6 14.Qe2 Re8 15.Ne5 Bd6
16.h3 c5 17.dxc5 Bxc5 18.Be3 Bxe3 19.Qxe3 Qc7 20.Rad1 Rad8 21.Qf3 Rxd1 22.Qxd1
Rd8 23.Qe2 Nd7 24.Nf3 Nc5 25.Nd4 Rd5 26.Qc4 Qd7 27.b4 Nb7 28.Qc6 Rxd4 0-1

[Event "Cto. Navarra Absoluto por Equipos 2018"]
[Site "?"]
[Date "2018.10.13"]
[Round "1.3"]
[White "Vilchez Gonzalez, Angel"]
[Black "Arana Oloron, Roberto"]
[Result "0-1"]
[EventDate "2018.10.13"]
[WhiteElo "1914"]
[BlackElo "1691"]
[SourceDate "2018.11.18"]
[SourceTitle "FNA"]

1.e4 e5 2.f4 d6 3.Nf3 Nf6 4.Nc3 Nc6 5.Bc4 Bg4 6.d3 Nd4 7.Be3 Bxf3 8.gxf3 Nh5
9.fxe5 dxe5 10.f4 Qh4 11.Bf2 Qh3 12.Bxd4 exd4 13.Ne2 Be7 14.Nxd4 Bh4 15.Kd2 Nxf4
16.Qf1 Bg5 17.Kc3 Qd7 18.Nf3 Bh6 19.Ne5 Qa4 20.Bxf7 Ke7 21.Qf2 Qa5 22.Kb3 Qxe5
23.Bc4 Ne6 24.Rhf1 Rhf8 25.Qh4 Bg5 26.Qxh7 Nd4 27.Kc3 Nf3 28.Kb4 a5 29.Ka4 c6
30.Rf2 b5 31.Ka3 Qc5 0-1

[Event "Cto. Navarra Absoluto por Equipos 2018"]
[Site "?"]
[Date "2018.10.13"]
[Round "1.4"]
[White "Otano Villanueva, Joseba"]
[Black "Lacruz Ochoa, Oier"]
[Result "0-1"]
[EventDate "2018.10.13"]
[WhiteElo "1686"]
[BlackElo "1787"]
[SourceDate "2018.11.18"]
[SourceTitle "FNA"]

1.d4 Nf6 2.c4 g6 3.Nc3 Bg7 4.e4 d6 5.f4 O-O 6.e5 dxe5 7.fxe5 Nfd7 8.Nf3 c5
9.dxc5 Nxe5 10.Qxd8 Nxf3 11.gxf3 Rxd8 12.Nd5 Na6 13.Rb1 e6 14.Ne7 Kf8 15.Nxc8
Raxc8 16.Be3 Nxc5 17.Bxc5 Rxc5 18.Rg1 Rc7 19.Rg2 Rcd7 20.Rc2 Bh6 21.b4 Rd2
22.Rbb2 Rd1 23.Ke2 Bf4 24.a4 Bxh2 25.b5 Bg3 26.f4 Bxf4 27.Bg2 b6 28.Ra2 R1d4
29.c5 bxc5 30.a5 Bb8 31.Rxc5 e5 32.Bc6 Rh4 33.Ra1 Rh2 34.Ke3 f5 35.b6 axb6
36.axb6 e4 37.Bd5 g5 38.b7 Bf4 39.Kd4 Rd2 40.Kc4 Rc2 41.Kb5 Rxc5 42.Kxc5 Ke7
43.Rh1 Rh8 44.Rh6 e3 45.Re6 Kd7 46.Rd6 0-1

[Event "Cto. Navarra Absoluto por Equipos 2018"]
[Site "?"]
[Date "2018.10.13"]
[Round "1.5"]
[White "Pedchenko, Serhiy"]
[Black "Abaurrea San Juan, Xabier"]
[Result "0-1"]
[EventDate "2018.10.13"]
[WhiteElo "1488"]
[BlackElo "1359"]
[SourceDate "2018.11.18"]
[SourceTitle "FNA"]

1.e4 d6 2.c4 Nf6 3.Nc3 g6 4.g3 Bg7 5.Bg2 c6 6.Nge2 O-O 7.O-O Bg4 8.h3 Bd7 9.d3
Na6 10.Be3 Nc7 11.Qd2 e5 12.f4 Qc8 13.Kh2 Ne6 14.fxe5 dxe5 15.Rf2 Qc7 16.Raf1
Ne8 17.b4 Rd8 18.a4 Bc8 19.a5 Nd4 20.Bxd4 exd4 21.Na4 h5 22.Kg1 Kh7 23.Qf4 Qe7
24.c5 Nc7 25.Qd2 Bh6 26.Nf4 Ne6 27.Qe2 Nxf4 28.gxf4 Rg8 29.Kh1 Qh4 30.Qf3 Bg4
0-1

[Event "Cto. Navarra Absoluto por Equipos 2018"]
[Site "?"]
[Date "2018.10.13"]
[Round "1.6"]
[White "Ruiz Jaso, Zigor"]
[Black "Aramendia Ybarra, Carlota"]
[Result "0-1"]
[EventDate "2018.10.13"]
[WhiteElo "1205"]
[BlackElo "1501"]
[SourceDate "2018.11.18"]
[SourceTitle "FNA"]

1.e4 c5 2.Nf3 Nc6 3.d4 cxd4 4.Nxd4 g6 5.Nc3 Bg7 6.Be3 Nf6 7.Be2 d5 8.exd5 Nxd5
9.Nxc6 bxc6 10.Nxd5 cxd5 11.c3 O-O 12.O-O Bf5 13.Qd2 Qd6 14.Rac1 Rfd8 15.Rfd1
Rd7 16.b4 e5 17.c4 d4 18.c5 Qc7 19.Bg5 d3 20.Bf1 Rb8 21.a3 Qc6 22.Qe3 e4 23.Bf4
Rb5 24.Bd6 Bb2 25.Bxd3 Bxc1 26.Rxc1 exd3 27.Qe8 Kg7 28.Qf8 Kf6 29.Qh8 Kg5 30.h4
Kxh4 31.Qxh7 Kg4 32.Rc4 Be4 33.f3 Kg5 34.Rxe4 Qxe4 35.fxe4 d2 36.Kh2 d1=Q 37.Bf4
Kxf4 38.Qh4 Qg4 39.g3 Kf3 40.Qf6 Ke2 41.Qb2 Rd2 42.Qc1 Kd3 43.Kg1 Qxg3 0-1

[Event "Cto. Navarra Absoluto por Equipos 2018"]
[Site "?"]
[Date "2018.10.13"]
[Round "1.1"]
[White "Alfonso Abrego, Santiago"]
[Black "Del Carmen Hernandez, Aimer"]
[Result "0-1"]
[EventDate "2018.10.13"]
[WhiteElo "1754"]
[BlackElo "1901"]
[SourceDate "2018.11.18"]
[SourceTitle "FNA"]

1.e4 c5 2.Nf3 Nc6 3.d4 cxd4 4.Nxd4 g6 5.Nc3 Bg7 6.Be3 Nf6 7.f3 O-O 8.Qd2 d5
9.Nxc6 bxc6 10.e5 Nd7 11.f4 f6 12.Nxd5 Nxe5 13.O-O-O Bg4 14.Nxf6 exf6 15.fxe5
Bxd1 16.Bc4 Kh8 17.Rxd1 fxe5 18.Qxd8 Raxd8 19.a4 e4 20.c3 Be5 21.Kc2 Kg7 22.a5
Rxd1 23.Kxd1 Rb8 24.Kc2 Rb7 25.b4 Bxh2 26.Be6 Kf6 27.a6 Rc7 28.Bh3 h5 29.c4 g5
30.g4 h4 31.Kc3 Bf4 32.Bd4 Be5 33.Bg2 Re7 34.Bxe5 Kxe5 35.b5 cxb5 36.cxb5 Kf4
37.Kb4 e3 38.Bf1 Kf3 39.Kc5 e2 40.Bxe2 Kxe2 41.b6 axb6 42.Kxb6 0-1

[Event "Cto. Navarra Absoluto por Equipos 2018"]
[Site "?"]
[Date "2018.10.13"]
[Round "1.2"]
[White "Pascual Garcia, Martin"]
[Black "Cobos Urbina, Enrique"]
[Result "1-0"]
[EventDate "2018.10.13"]
[WhiteElo "1856"]
[BlackElo "1715"]
[SourceDate "2018.11.18"]
[SourceTitle "FNA"]

1.c4 g6 2.Nc3 Bg7 3.g3 d6 4.Bg2 f5 5.Nf3 Nf6 6.O-O O-O 7.d3 e5 8.Bd2 Nc6 9.Rb1
f4 10.gxf4 Nh5 11.fxe5 Nxe5 12.Nxe5 Bxe5 13.e3 Qh4 14.f4 Rxf4 15.Rxf4 Nxf4
16.exf4 Bd4 17.Kh1 Bg4 18.Be1 Qh5 19.Qd2 Re8 20.Bf2 Bxc3 21.Qxc3 Re2 22.Bd5 Kf8
23.Re1 Bf3 24.Kg1 Qg4 25.Bg3 Rg2 26.Kf1 Bxd5 27.Qh8 Kf7 28.Qxh7 Kf8 29.Qh8 Kf7
30.Qe8 Kf6 31.Qe7 Kf5 32.Re5 1-0

[Event "Cto. Navarra Absoluto por Equipos 2018"]
[Site "?"]
[Date "2018.10.13"]
[Round "1.3"]
[White "Duran Fernandez, Emilio"]
[Black "Galvan Perez-Ilzarbe, Alejandro"]
[Result "0-1"]
[EventDate "2018.10.13"]
[WhiteElo "1631"]
[BlackElo "1813"]
[SourceDate "2018.11.18"]
[SourceTitle "FNA"]

1.c4 b6 2.d4 Bb7 3.Nf3 e6 4.Nc3 Bb4 5.a3 Bxc3 6.bxc3 Nf6 7.Bg5 h6 8.Bh4 g5
9.Nxg5 hxg5 10.Bxg5 d6 11.d5 exd5 12.Qd4 Nbd7 13.cxd5 Rg8 14.h4 Bxd5 15.Rh3 Be6
16.Rf3 Rxg5 17.hxg5 Ng4 18.g6 Nge5 19.g7 Nxf3 20.exf3 Ke7 21.Bd3 Qg8 22.Qh4 f6
23.Qh6 Bc4 24.Qe3 Kd8 25.Qe4 Bd5 26.Qf5 Qe6 27.Kd2 Qxf5 28.Bxf5 Bg8 29.Re1 c5
30.Bg6 Ne5 31.Bf5 a5 32.f4 Nc4 33.Kc2 Ra7 34.Bd3 Rxg7 35.g3 Nxa3 36.Kb2 Nc4
37.Kc2 Bh7 38.f5 Ne5 39.Be4 Bg8 40.Rh1 Rh7 41.Rb1 d5 42.Rxb6 Kc7 43.Rxf6 dxe4
0-1

[Event "Cto. Navarra Absoluto por Equipos 2018"]
[Site "?"]
[Date "2018.10.13"]
[Round "1.4"]
[White "Atipov Hadzhiev, Cristian"]
[Black "Guardado Minchinela, Inaki"]
[Result "1-0"]
[EventDate "2018.10.13"]
[WhiteElo "1726"]
[BlackElo "1550"]
[SourceDate "2018.11.18"]
[SourceTitle "FNA"]

1.e4 c5 2.Nf3 Nc6 3.d4 cxd4 4.Nxd4 Nf6 5.Nc3 e5 6.Nf3 Bc5 7.Bc4 Ng4 8.O-O Nxf2
9.Rxf2 O-O 10.Nd5 Bxf2 11.Kxf2 d6 12.Bg5 Qd7 13.Qd2 Kh8 14.Bf6 Qg4 15.h3 Qh5
16.g4 Qxh3 17.Bxg7 Kxg7 18.Qg5 Kh8 19.Nf6 Be6 20.Bf1 Qh1 21.Bg2 Qxa1 22.Qh6 1-0

[Event "Cto. Navarra Absoluto por Equipos 2018"]
[Site "?"]
[Date "2018.10.13"]
[Round "1.5"]
[White "Diaz Redondo, Isidro"]
[Black "Riezu Resano, Javier"]
[Result "1-0"]
[EventDate "2018.10.13"]
[WhiteElo "1491"]
[BlackElo "1431"]
[SourceDate "2018.11.18"]
[SourceTitle "FNA"]

1.e4 c5 2.Nf3 Nc6 3.Nc3 g6 4.d4 cxd4 5.Nxd4 Bg7 6.Be3 Nf6 7.Be2 O-O 8.O-O Qc7
9.Qd2 Nxd4 10.Bxd4 d6 11.h3 {Ilegible} 1-0

[Event "Cto. Navarra Absoluto por Equipos 2018"]
[Site "?"]
[Date "2018.10.13"]
[Round "1.6"]
[White "Galarza Arza, Ekain"]
[Black "Fernandez Senovilla, Jose A"]
[Result "1-0"]
[EventDate "2018.10.13"]
[WhiteElo "1255"]
[BlackElo "1176"]
[SourceDate "2018.11.18"]
[SourceTitle "FNA"]

1.d4 d5 2.Nf3 e6 3.e3 Nf6 4.Bd3 c5 5.c3 Nc6 6.Nbd2 Bd6 7.dxc5 Bxc5 8.O-O O-O
9.e4 e5 10.exd5 Qxd5 11.Qc2 g6 12.Ne4 Be7 13.Bg5 Nxe4 14.Bxe4 Qe6 15.Bh6 Rd8
16.a3 f5 17.Bxc6 bxc6 18.Rfe1 e4 19.Nd4 Qf6 20.Qb3 Rd5 21.Ne2 g5 22.Rad1 Qxh6
23.Rxd5 Be6 24.Qb7 Qf8 25.Re5 Kf7 26.Nd4 Rb8 27.Qxa7 Ra8 28.Qb7 Qc8 29.Qxc8 Bxc8
30.Nxf5 Bf6 31.Rc5 Kg6 32.Nd6 Be7 33.Rxc6 Bxd6 34.Rxd6 Kf5 35.Rd8 h5 36.b4 h4
37.b5 g4 38.b6 Kf4 39.b7 Bxb7 40.Rxa8 Bxa8 41.a4 Bd5 42.g3 hxg3 43.hxg3 Kf5
44.a5 Bc4 45.Ra1 Ke5 46.a6 Ke6 47.a7 Bd5 48.a8=Q Bxa8 49.Rxa8 Kd5 50.Rg8 Kc4
51.Rxg4 Kd3 52.c4 Kd4 53.c5 Kd5 54.Rxe4 Kc6 55.Kg2 Kc7 56.Re6 Kc8 57.Re7 Kd8
58.Rh7 Kc8 59.Kf3 Kb8 60.Ke4 Ka8 61.Kd5 Kb8 62.Kc6 Ka8 63.Kb6 Kb8 64.Rh8 1-0

[Event "Cto. Navarra Absoluto por Equipos 2018"]
[Site "?"]
[Date "2018.10.20"]
[Round "2.1"]
[White "Del Carmen Hernandez, Aimer"]
[Black "Insausti Goni, Sebastian"]
[Result "1-0"]
[EventDate "2018.10.13"]
[WhiteElo "1901"]
[BlackElo "1845"]
[SourceDate "2018.11.18"]
[SourceTitle "FNA"]

1.e4 c6 2.d4 d5 3.f3 dxe4 4.fxe4 Nf6 5.Nc3 e6 6.Nf3 h6 7.Bd3 Bb4 8.O-O Nbd7 9.a3
Bxc3 10.bxc3 c5 11.Bf4 O-O 12.Qd2 Re8 13.e5 Nh7 14.h4 f5 15.h5 Nb6 16.Qf2 c4
17.Be2 Nd5 18.Bd2 b5 19.a4 Bd7 20.Rfb1 a6 21.Qg3 Kh8 22.axb5 axb5 23.Nh4 Nf8
24.Ng6 Nxg6 25.hxg6 Qe7 26.Kf2 f4 27.Qg4 Ra3 28.Rxa3 Qxa3 29.Rh1 Re7 30.Bf3 Nxc3
31.Qxf4 Re8 32.Rxh6 gxh6 33.Qxh6 1-0

[Event "Cto. Navarra Absoluto por Equipos 2018"]
[Site "?"]
[Date "2018.10.20"]
[Round "2.2"]
[White "Flores Lazcoz, Jose Luis"]
[Black "Habans Aguerrea, Javier"]
[Result "0-1"]
[EventDate "2018.10.13"]
[WhiteElo "1727"]
[BlackElo "1892"]
[SourceDate "2018.11.18"]
[SourceTitle "FNA"]

1.d4 Nf6 2.Nf3 c5 3.c3 d5 4.e3 Nc6 5.Bd3 Bg4 6.O-O e5 7.dxe5 Nxe5 8.Be2 Nxf3
9.Bxf3 Bxf3 10.Qxf3 Bd6 11.Nd2 Qc7 12.h3 O-O 13.Re1 Rfe8 14.b3 Ne4 15.c4 Be5
16.Rb1 Qa5 17.Qd1 Nc3 18.Qc2 Nxb1 19.Qxb1 dxc4 20.Nxc4 Qxe1 0-1

[Event "Cto. Navarra Absoluto por Equipos 2018"]
[Site "?"]
[Date "2018.10.20"]
[Round "2.3"]
[White "Pascual Garcia, Martin"]
[Black "Arana Oloron, Roberto"]
[Result "0-1"]
[EventDate "2018.10.13"]
[WhiteElo "1856"]
[BlackElo "1691"]
[SourceDate "2018.11.18"]
[SourceTitle "FNA"]

1.c4 e5 2.g3 Nf6 3.Bg2 Bc5 4.Nc3 c6 5.d3 d5 6.cxd5 Nxd5 7.Nxd5 cxd5 8.Qb3 O-O
9.Bxd5 Nc6 10.Bg2 Bb4 11.Bd2 Nd4 12.Qd1 Qa5 13.Nf3 Bxd2 14.Nxd2 Bg4 15.f3 Rac8
16.Rc1 Rxc1 17.Qxc1 Rc8 18.Qb1 Nc2 19.Kf2 Qxd2 20.fxg4 Nd4 21.Bxb7 Qxe2 22.Kg1
Rc2 23.Qxc2 Nxc2 24.Be4 Ne3 25.h4 Nxg4 26.Rh3 Qf2 27.Kh1 Qf1 0-1

[Event "Cto. Navarra Absoluto por Equipos 2018"]
[Site "?"]
[Date "2018.10.20"]
[Round "2.4"]
[White "Otano Villanueva, Joseba"]
[Black "Laseca Arana, Irati"]
[Result "0-1"]
[EventDate "2018.10.13"]
[WhiteElo "1686"]
[BlackElo "1792"]
[SourceDate "2018.11.18"]
[SourceTitle "FNA"]

1.d4 d5 2.g3 Nf6 3.Bg2 Bf5 4.c4 e6 5.cxd5 exd5 6.Nf3 Bd6 7.O-O O-O 8.Nc3 c6 9.a3
a5 10.Re1 Re8 11.Bd2 Nbd7 12.Nh4 Bg4 13.Qc2 Nf8 14.Nf5 Bxf5 15.Qxf5 Qb6 16.Qd3
Ne6 17.e3 Rad8 18.Na4 Qa7 19.b4 axb4 20.axb4 b5 21.Nc5 Qc7 22.Ra6 Bxc5 23.bxc5
Ra8 24.Rea1 Qb7 25.R6a5 Rxa5 26.Rxa5 Ra8 27.f3 Rxa5 28.Bxa5 Nc7 29.Bc3 b4 30.Bb2
Qb5 31.Bf1 Qa4 32.Qb1 Nb5 33.Be2 Qb3 34.Qc1 Na3 35.Bd1 Qd3 36.Kf2 Nc4 37.Ba4 b3
38.Qc3 Qb1 39.Qxb3 Qxb2 40.Qxb2 Nxb2 41.Bxc6 Kf8 42.e4 Nd3 43.Ke3 Nb4 44.Bb5 Ke7
45.e5 Ne8 46.Kd2 Nc7 47.Ba4 Ne6 48.Kc3 Na6 49.f4 g6 50.Kd3 Kd8 51.Ke3 Kc7 52.g4
Nb8 53.f5 Nd8 54.h4 Nbc6 55.Bb3 Nb4 56.Ba4 Ndc6 57.e6 fxe6 58.fxe6 Kd8 59.Kf4
Ke7 60.Kg5 Kxe6 61.Kh6 Nxd4 62.Kxh7 Kf7 63.g5 Na6 64.c6 Nf5 65.Bc2 Nxh4 66.Bb1
Nc7 67.Bc2 Ne6 68.Kh6 Nf5 69.Bxf5 gxf5 70.g6 Kg8 71.c7 Nxc7 72.Kg5 d4 0-1

[Event "Cto. Navarra Absoluto por Equipos 2018"]
[Site "?"]
[Date "2018.10.20"]
[Round "2.5"]
[White "Mugica Arratibel, Daniel"]
[Black "Abaurrea San Juan, Xabier"]
[Result "1-0"]
[EventDate "2018.10.13"]
[WhiteElo "1642"]
[BlackElo "1359"]
[SourceDate "2018.11.18"]
[SourceTitle "FNA"]

1.d4 Nf6 2.Nf3 g6 3.Bf4 Bg7 4.c3 d6 5.Nbd2 O-O 6.e4 Nbd7 7.Bc4 c6 8.O-O Nh5
9.Bg5 Nhf6 10.Qc2 e5 11.dxe5 dxe5 12.Rad1 Qc7 13.Be3 Re8 14.Bxf7 Kxf7 15.Ng5 Kf8
16.Qb3 Re7 17.Ne6 Rxe6 18.Qxe6 Nb6 19.Bc5 1-0

[Event "Cto. Navarra Absoluto por Equipos 2018"]
[Site "?"]
[Date "2018.10.20"]
[Round "2.6"]
[White "Ruiz Jaso, Zigor"]
[Black "Mugica Arratibel, Pablo"]
[Result "0-1"]
[EventDate "2018.10.13"]
[WhiteElo "1205"]
[BlackElo "1406"]
[SourceDate "2018.11.18"]
[SourceTitle "FNA"]

1.e4 e5 2.Nf3 Nc6 3.Bb5 d6 4.O-O Nf6 5.Re1 Bg4 6.c3 Be7 7.d4 exd4 8.cxd4 a6
9.Ba4 b5 10.Bb3 Bxf3 11.Bxf7 Kxf7 12.Qxf3 Nxd4 13.Qg3 Qd7 14.h3 Qe6 15.Qd3 Qc4
16.Qd1 c5 17.Nc3 b4 18.b3 Qe6 19.Bg5 bxc3 20.f4 c2 21.Qd3 Nd7 22.f5 Qe5 23.Qc4
Kf8 24.Bxe7 Kxe7 25.Re3 Nb6 26.Qf1 Rhf8 27.Qf2 Ne2 28.Rxe2 Qxa1 29.Re1 c1=Q
30.Qh4 Rf6 31.Kf1 0-1

[Event "Cto. Navarra Absoluto por Equipos 2018"]
[Site "?"]
[Date "2018.10.20"]
[Round "2.1"]
[White "Argaya Urdaniz, Miguel"]
[Black "Goni Osacar, Maria"]
[Result "1-0"]
[EventDate "2018.10.13"]
[WhiteElo "1928"]
[BlackElo "1859"]
[SourceDate "2018.11.18"]
[SourceTitle "FNA"]

1.e4 g6 2.d4 Bg7 3.Bc4 c5 4.Qf3 e6 5.d5 Ne7 6.Nc3 a6 7.Bg5 Qb6 8.O-O-O Qb4 9.Bb3
b5 10.Bxe7 Kxe7 11.dxe6 fxe6 12.a3 Qa5 13.Nge2 b4 14.Nb1 Bh6 15.Nd2 bxa3 16.Qc3
axb2 17.Qxb2 Rf8 18.f4 Bxf4 19.Nxf4 Rxf4 20.Qe5 Rf7 21.Nc4 Qb4 22.Qd6 Ke8
23.Rhf1 Qc3 24.Rxf7 Kxf7 25.Rf1 1-0

[Event "Cto. Navarra Absoluto por Equipos 2018"]
[Site "?"]
[Date "2018.10.20"]
[Round "2.2"]
[White "Lasa Garcia, Javier"]
[Black "Sanchez Salazar, Kiko"]
[Result "0-1"]
[EventDate "2018.10.13"]
[WhiteElo "1699"]
[BlackElo "1878"]
[SourceDate "2018.11.18"]
[SourceTitle "FNA"]

1.d4 d6 2.Nf3 g6 3.Bf4 Bg7 4.Qd2 Nd7 5.Nc3 a6 6.e4 c5 7.d5 b5 8.a3 Qa5 9.Be2 b4
10.Nd1 h5 11.O-O Rb8 12.Ne3 Qc7 13.Nc4 Nb6 14.Rab1 Bg4 15.Nxb6 Rxb6 16.h3 Bxf3
17.Bxf3 Nf6 18.Rfe1 Nd7 19.Be2 O-O 20.Bh6 Rfb8 21.Bxg7 Kxg7 22.f4 a5 23.Bc4 bxa3
24.Qc3 f6 25.Qxa3 a4 26.Qc3 Rb4 27.b3 Nb6 28.Bd3 Rd4 29.b4 Nd7 30.b5 Qb6 31.Kh1
Ra8 32.Qd2 c4 33.e5 dxe5 34.fxe5 Nxe5 35.Rxe5 fxe5 36.Qf2 Qf6 37.Qe2 cxd3
38.cxd3 Rxd5 39.b6 Rb8 40.b7 Rd7 41.Rf1 Qe6 42.d4 Rdxb7 43.Qe4 Rb4 44.Rd1 a3
45.Qe1 a2 46.d5 Qf6 47.Qc3 Rb1 0-1

[Event "Cto. Navarra Absoluto por Equipos 2018"]
[Site "?"]
[Date "2018.10.20"]
[Round "2.4"]
[White "Duran Fernandez, Emilio"]
[Black "Lopez Garcia, Manu"]
[Result "1-0"]
[EventDate "2018.10.13"]
[WhiteElo "1631"]
[BlackElo "1475"]
[SourceDate "2018.11.18"]
[SourceTitle "FNA"]

1.Nf3 d6 2.d4 Nf6 3.Nc3 g6 4.e4 Bg7 5.Bd3 O-O 6.Be3 Bg4 7.h3 Bxf3 8.Qxf3 Nbd7
9.Ne2 c5 10.c3 cxd4 11.cxd4 Nb8 12.O-O Nc6 13.a3 Nd7 14.Rac1 e5 15.d5 Ne7 16.Ng3
a6 17.Qe2 f5 18.exf5 gxf5 19.Bg5 f4 20.Qh5 Nf6 21.Bxf6 Rxf6 22.Qxh7 Kf8 23.Nh5
Rf7 24.Rc3 Nxd5 25.Bc4 Nf6 26.Nxg7 Rxg7 27.Qh8 Ng8 28.Bxg8 Rxg8 29.Qh6 Rg7
30.Rfc1 Kg8 31.Qe6 Kh8 32.Rc8 1-0

[Event "Cto. Navarra Absoluto por Equipos 2018"]
[Site "?"]
[Date "2018.10.20"]
[Round "2.5"]
[White "Arbeloa Sanchez, Julen"]
[Black "Donazar Garayoa, Miguel"]
[Result "1/2-1/2"]
[EventDate "2018.10.13"]
[WhiteElo "1347"]
[BlackElo "1585"]
[SourceDate "2018.11.18"]
[SourceTitle "FNA"]

1.e4 g6 2.Nf3 d6 3.d4 Bg7 4.c3 Nd7 5.Bf4 e5 6.dxe5 dxe5 7.Bg3 Ne7 8.Bc4 O-O
9.O-O b6 10.Nbd2 Bb7 11.Qe2 a6 12.a4 Qe8 13.Rfe1 Nc8 14.b4 Nd6 15.Bd3 c5 16.Nc4
Nxc4 17.Bxc4 h6 18.Nh4 Kh7 19.Nf3 Qe7 20.Qb2 cxb4 21.cxb4 Rfc8 22.Rac1 Bf8
23.Red1 Bxe4 24.Nxe5 Nxe5 25.Qxe5 Qxe5 26.Bxe5 Ra7 27.b5 axb5 28.Bxb5 Rxc1
29.Rxc1 1/2-1/2

[Event "Cto. Navarra Absoluto por Equipos 2018"]
[Site "?"]
[Date "2018.10.20"]
[Round "2.6"]
[White "Guardado Minchinela, Inaki"]
[Black "Lopez Garcia, Inigo"]
[Result "1-0"]
[EventDate "2018.10.13"]
[WhiteElo "1550"]
[BlackElo "1248"]
[SourceDate "2018.11.18"]
[SourceTitle "FNA"]

1.e4 d6 2.d4 Nf6 3.Nc3 g6 4.Bg5 Bg7 5.e5 Nfd7 6.exd6 cxd6 7.Qd2 O-O 8.Bh6 Nf6
9.Bxg7 Kxg7 10.h4 Nc6 11.O-O-O a6 12.h5 Nxh5 13.Be2 Nf6 14.Qh6 Kg8 15.Nd5 Re8
16.Nxf6 exf6 17.Qxh7 Kf8 18.Bf3 Be6 19.d5 Bf5 20.dxc6 bxc6 21.Bxc6 Qc7 22.Qh8
Ke7 23.Re1 Be6 24.Bxe8 Rxe8 25.Rxe6 fxe6 26.Rh7 Kd8 27.Qxe8 Kxe8 28.Rxc7 1-0